000 00441nam a2200181Ia 4500
003 GCL
008 140319s9999 xx 000 0 eng d
040 _aGCL /
_cGCL
082 0 4 _aCH
_b813
_bW H
100 1 _aWALT DISNEY'S
245 1 0 _aHOWIT WORKS IN THE COUNTRY /
_cWALT DISNEY'S
260 _a[S.N] :
_bJ.G.FERGUSON ،
_c1995
300 _a159
650 0 4 _aLITERATURE
650 0 4 _aSTORIES
650 0 4 _aCHILDREN
942 _2ddc
_cBK
999 _c10715
_d10715